000 01165nam a2200253Ia 4500
003 PE SENCICO BE
005 20260219145041.0
008 200515s9999 xx 000 0 und d
020 _a84-96696-15-7
040 _aPE SENCICO BE
_cPE SENCICO BE
041 _aspa
082 _a747.8
_bM81
100 1 _aMostaedi, Arian
_9112
_eautor
245 1 0 _aInteriores de oficinas /
_cArian Mostaedi
250 _a[1a ed.]
260 _aBarcelona :
_bInstituto Monsa de Ediciones ;
_csin año
300 _a175 páginas :
_bilustraciones a color, láminas, tablas, gráficos ;
_c30 cm.
505 0 _aSnowcrash office and showroom -- Day Offices -- The design centre -- Beacon Communications office --Werdich Headquarter Offices -- Reanult design Barcelona -- Company Building Tobias Grau -- Cellular Operations Headquarters -- GC Osaka Building -- The Oxo Toxer
520 3 _aRecoge más de 20 proyectos de rompedoras propuestas de entornos laborales que destacan por la nueva concepción del espacio, los materiales y el color.
650 1 0 _aDiseño de interiores
_9315
650 2 0 _aDiseño arquitectónico
_9316
650 2 0 _aOficinas
_98
942 _cLIB
_2ddc
999 _c2587
_d2587